banner-ar

LEARNING TO TEACH: PRACTICAL ACTIVITIES FOR TEACHERS IN TRAINING / (Record no. 21305)

MARC details
000 -الفاتح
حقل البيانات ثابتة الطول 00527nam a2200193Ia 4500
008 - عناصر البيانات ثابتة الطول - معلومات عامة
حقل البيانات ثابتة الطول 140319s9999 xx 000 0 eng d
040 ## - مصدر الفهرسة
وكالة الفهرسة الأصلية GCL /
وكالة النسخ GCL
082 04 - رقم تصنيف ديوى العشرى
رقم التصنيف 371.102
رقم المادة W L
100 1# - المدخل الرئيسى - إسم شخصى
الإسم الشخصى WATSON, HELEN
245 10 - بيان العنوان
العنوان LEARNING TO TEACH: PRACTICAL ACTIVITIES FOR TEACHERS IN TRAINING /
بيان المسئوليه,etc WATSON, HELEN
700 1# - المدخل الاضافى - اسم شخصى
الإسم الشخصى OSIBODU, BUKUNOLLA
260 ## - PUBLICATION, DISTRIBUTION, ETC. (IMPRINT)
تاريخ النشر أو التوزيع 1987
300 ## - الوصف المادى
التعداد 134 P
650 04 - المدخل الاضافى بالموضوع-مصطلح موضوعى
مصطلح موضوعي TEACHING
650 04 - المدخل الاضافى بالموضوع-مصطلح موضوعى
مصطلح موضوعي LEARNING
650 04 - المدخل الاضافى بالموضوع-مصطلح موضوعى
مصطلح موضوعي EDUCATION
942 ## - عناصر المدخل الإضافي( كوها)
مصدر التصنيف او مخطط الترفيف Dewey Decimal Classification
Koha [default] item type كتاب
260 ## - PUBLICATION, DISTRIBUTION, ETC. (IMPRINT)
-- [S.N] :
-- EVANS. BROTHERS LIMITED ،
Holdings
حالة التراجع حالة الفقد حالة تلف ليس للاعارة المكان المؤقت الموقع الحالى تاريخ الاكتساب اجمالي اﻻعارات رقم الطلب الباركود تاريخ اخر مشاهدة تاريخ تفعيل السعر نوع وعاء كوها
        مكتبة القاهرة الكبرى مكتبة القاهرة الكبرى 03/26/2014   371.102\W L 39444 03/26/2014 03/26/2014 كتاب

Powered By

EGPV